The caste culture in India : (Record no. 144133)

MARC details
000 -LEADER
fixed length control field 00598nam a22001817a 4500
010 ## - LCCN (DPL NO)
LC control number ENG-119979
020 ## - INTERNATIONAL STANDARD BOOK NUMBER
International Standard Book Number 9788182203891
Terms of availability 700.00
035 ## - SYSTEM CONTROL NUMBER
System control number EN-103511
037 ## - SOURCE OF ACQUISITION
Source of stock number/acquisition DBAD/PUB
082 ## - DEWEY DECIMAL CLASSIFICATION NUMBER
Classification number 305.5680954
100 ## - MAIN ENTRY--PERSONAL NAME
Personal name Ramkumar, N.
245 ## - TITLE STATEMENT
Title The caste culture in India :
Remainder of title contemporary approach /
Statement of responsibility, etc by N.Ramkumar
260 ## - PUBLICATION, DISTRIBUTION, ETC. (IMPRINT)
Place of publication, distribution, etc New Delhi
Name of publisher, distributor, etc Global Vision Publishing House
Date of publication, distribution, etc 2011
270 ## - ADDRESS
Address 20,Ansari Road,Daryaganj,
City Delhi
Postal code 110002
300 ## - PHYSICAL DESCRIPTION
Extent vii.203p.
Dimensions 22cm(hb).
500 ## - GENERAL NOTE
General note Includes bibliographical reference and index
942 ## - ADDED ENTRY ELEMENTS (KOHA)
Source of classification or shelving scheme Dewey Decimal Classification
Item type English Books
Classification part 305.5680954
Call number suffix RAM
Holdings
Withdrawn status Lost status Not for loan Collection code Home library Current library Date acquired Source of acquisition Cost, normal purchase price Full call number Barcode Copy number Cost, replacement price Koha item type
      Non-fiction Sarojini Nagar Sarojini Nagar 07/09/2017 DBAD/PUB 700.00 305.5680954 RAM EN-103511 1 700.00 English Books

© Delhi Public Library
Hit Counter
free hit counter